000 00197 a2200097 4500
020 _a9780439841207
041 _aeng
100 _aStilton,Geronimo
245 _aDown and out down under
942 _cBK
999 _c31898
_d31896